00236 a2200109 450000100060000008200160000610000200002224500150004226000370005730000150009450000170010992145 a297.382 KHA aZafarullah Khan aAlla'humma aIslamabadbAimal Matboohatc2015 axvi, 224p. aGeneral Book